[Event "IV Open Estate Vomero"]
[Site "Napoli ITA"]
[Date "2010.05.13"]
[Round "2"]
[White "Solombrino, Giovanni"]
[Black "Angelotti, Mario"]
[Result "1-0"]
[WhiteElo "1875"]
[BlackElo "1527"]
[PlyCount "77"]
[EventDate "2010.05.06"]

1. e4 d6 2. d4 Nf6 3. Nc3 g6 4. Nf3 c6 5. Be2 Bg7 6. O-O Qc7 7. Bf4 b5 8. e5
Nh5 9. exd6 exd6 10. Be3 b4 11. Ne4 O-O 12. Qd2 f5 13. Ng3 f4 14. Nxh5 fxe3 15.
fxe3 gxh5 16. Qxb4 a5 17. Qb3+ d5 18. c4 Be6 19. Ng5 Qe7 20. Rxf8+ Bxf8 21.
Nxe6 Qxe6 22. cxd5 cxd5 23. Bf3 Kg7 24. Bxd5 Qe7 25. Bxa8 Nd7 26. e4 Nf6 27. e5
Ng4 28. h3 Qh4 29. hxg4 hxg4 30. g3 Qh3 31. Bg2 Qh5 32. Rf1 Bb4 33. a3 Bd2 34.
Qb7+ Kh6 35. Rf6+ Kg5 36. Qg7+ Qg6 37. Rxg6+ hxg6 38. Qf6+ Kh6 39. Be4 1-0

[Event "IV Open Estate Vomero"]
[Site "Napoli ITA"]
[Date "2010.05.20"]
[Round "3"]
[White "Capozzoli, Silvio"]
[Black "Caiazzo, Diego"]
[Result "0-1"]
[WhiteElo "1939"]
[BlackElo "1880"]
[PlyCount "72"]
[EventDate "2010.05.06"]

1. e4 d6 2. Qe2 c5 3. g3 e6 4. Bg2 Nf6 5. Nf3 Be7 6. c3 Nc6 7. O-O O-O 8. d4
cxd4 9. cxd4 Bd7 10. Nc3 a6 11. d5 exd5 12. exd5 Na7 13. Nd4 Re8 14. Qd3 Bf8
15. Be3 Ng4 16. Bf4 Ne5 17. Qd1 Qa5 18. Nb3 Qb4 19. Qd4 Qxd4 20. Nxd4 Rac8 21.
Rfd1 Nc4 22. Rab1 Nb5 23. Ncxb5 axb5 24. Bc1 g6 25. b3 Nb6 26. Be3 Na8 27. Rbc1
Nc7 28. Rc2 Na6 29. Rdc1 Rxc2 30. Rxc2 Bg7 31. a3 Bxd4 32. Bxd4 Re1+ 33. Bf1
Bh3 34. Rc8+ Bxc8 35. Kg2 Bh3+ 36. Kxh3 Rxf1 0-1

[Event "IV Open Estate Vomero"]
[Site "Napoli ITA"]
[Date "2010.05.20"]
[Round "3"]
[White "Della Corte, Alessandro"]
[Black "Ficco, Corrado"]
[Result "1-0"]
[WhiteElo "2246"]
[BlackElo "2150"]
[PlyCount "127"]
[EventDate "2010.05.06"]

1. Nf3 f5 2. d3 d6 3. g3 e5 4. Bg2 Nf6 5. O-O g6 6. c4 Bg7 7. Nc3 O-O 8. Rb1 h6
9. b4 g5 10. Qb3 Kh7 11. Bb2 Nc6 12. Nd5 Ne7 13. Rbc1 Be6 14. Nd2 Rb8 15. b5 c6
16. Nxe7 Qxe7 17. Qa3 Qc7 18. Bc3 d5 19. bxc6 bxc6 20. cxd5 Nxd5 21. Ba5 Qe7
22. Qxe7 Nxe7 23. Rc2 Rb5 24. Bc7 Nd5 25. a4 Rb7 26. Bd6 Rc8 27. Nc4 Nb4 28.
Rb1 Bxc4 29. Rxc4 a5 30. Rc5 Rd7 31. Bxe5 Nd5 32. Bxg7 Kxg7 33. Bxd5 Rxd5 34.
Rxd5 cxd5 35. Rb5 Rc2 36. Kf1 Ra2 37. Rxa5 Kf6 38. f4 gxf4 39. gxf4 d4 40. Ra6+
Ke7 41. Kf2 h5 42. Ra7+ Kd6 43. Ra6+ Ke7 44. Kf3 h4 45. Rh6 Rxa4 46. Rxh4 Ra1
47. Rh6 Rf1+ 48. Kg3 Re1 49. Kf2 Rh1 50. e4 fxe4 51. dxe4 Ra1 52. e5 Rh1 53.
Kf3 Re1 54. Rd6 Re3+ 55. Kg4 d3 56. Kf5 Rh3 57. Ke4 Rxh2 58. Rxd3 Rh4 59. Ra3
Kf7 60. Ra7+ Ke6 61. Ra6+ Kf7 62. Ra7+ Ke6 63. Rg7 Rh5 64. f5+ 1-0

[Event "IV Open Estate Vomero"]
[Site "Napoli ITA"]
[Date "2010.05.20"]
[Round "3"]
[White "Di Gennaro, Antonio"]
[Black "Colli, Roberto"]
[Result "1/2-1/2"]
[WhiteElo "1671"]
[BlackElo "1497"]
[PlyCount "61"]
[EventDate "2010.05.06"]

1. e4 c5 2. Nf3 d6 3. d4 cxd4 4. Nxd4 Nf6 5. Nc3 a6 6. Be3 e6 7. f3 Be7 8. g4
Nc6 9. Qd2 O-O 10. O-O-O Nxd4 11. Bxd4 b5 12. h4 Nd7 13. Qf2 Bb7 14. g5 Rc8 15.
Kb1 Qc7 16. a3 Nc5 17. Rg1 d5 18. e5 Nd7 19. f4 Bc5 20. h5 Bxd4 21. Rxd4 Qc5
22. Rd2 Qxf2 23. Rxf2 Nb6 24. Rg3 Nc4 25. Ka2 Rc7 26. g6 h6 27. Bh3 f5 28. b3
Nb6 29. Rd2 Rfc8 30. Kb2 Kf8 31. Ne2 1/2-1/2

[Event "IV Open Estate Vomero"]
[Site "Napoli ITA"]
[Date "2010.05.20"]
[Round "3"]
[White "Esposito, Pino"]
[Black "Sciaudone, Francesco"]
[Result "1/2-1/2"]
[WhiteElo "1875"]
[BlackElo "1593"]
[PlyCount "62"]
[EventDate "2010.05.06"]

1. Nf3 Nf6 2. g3 Nc6 3. d4 d5 4. Bg2 Bf5 5. O-O Qd7 6. Re1 Bh3 7. Bh1 e6 8. c3
Be7 9. Nbd2 O-O 10. e4 dxe4 11. Nxe4 Nxe4 12. Rxe4 Bf6 13. Bf4 Rad8 14. Qb3 b6
15. Rd1 Rfe8 16. Ree1 Na5 17. Qc2 Bf5 18. Qc1 Qa4 19. Bxc7 Rc8 20. Bd6 Qxa2 21.
Ba3 Nc4 22. Qa1 Qb3 23. Nd2 Nxd2 24. Rxd2 a5 25. Rde2 Red8 26. Bb7 Rc7 27. Bg2
b5 28. Bc5 Rxc5 29. dxc5 h6 30. Qxa5 Rd1 31. Qb4 Qc2 1/2-1/2

[Event "IV Open Estate Vomero"]
[Site "Napoli ITA"]
[Date "2010.05.20"]
[Round "3"]
[White "Esposito, Rosario"]
[Black "Solombrino, Giovanni"]
[Result "1-0"]
[WhiteElo "1830"]
[BlackElo "1875"]
[PlyCount "63"]
[EventDate "2010.05.06"]

1. d4 Nf6 2. c4 g6 3. Nc3 d5 4. Bf4 Bg7 5. e3 O-O 6. cxd5 Nxd5 7. Nxd5 Qxd5 8.
Bxc7 Nc6 9. Nf3 Bf5 10. Bd3 Rac8 11. Bxf5 Qxf5 12. Bg3 Nb4 13. O-O Rc2 14. a3
Na6 15. b4 Rfc8 16. Ne1 R2c3 17. Qe2 e5 18. e4 Qe6 19. d5 Qd6 20. Nd3 b5 21.
Rfc1 Qc7 22. Nc5 Rxc1+ 23. Rxc1 Qb6 24. Qe3 Nb8 25. f3 f6 26. Bf2 Bf8 27. Ne6
Rxc1+ 28. Qxc1 Qb7 29. Qc7 Qxc7 30. Nxc7 a6 31. Bc5 Kf7 32. Ba7 1-0

[Event "IV Open Estate Vomero"]
[Site "Napoli ITA"]
[Date "2010.05.20"]
[Round "3"]
[White "Gallo, Thomas Renato"]
[Black "Accardo, Francesco"]
[Result "1-0"]
[WhiteElo "1875"]
[BlackElo "1891"]
[PlyCount "51"]
[EventDate "2010.05.06"]

1. d4 e6 2. c4 a6 3. Nc3 c5 4. d5 Qc7 5. e4 e5 6. g3 d6 7. Bh3 Nd7 8. Nge2 Be7
9. Bd2 h6 10. Qc2 Ngf6 11. O-O g5 12. Bf5 Nh5 13. Nd1 b5 14. b4 Nb6 15. Bxc8
Qxc8 16. cxb5 axb5 17. Ne3 Qh3 18. Kh1 c4 19. Nf5 Nf6 20. Ng1 Qh5 21. Ng7+ Kf8
22. Nxh5 Nxh5 23. Be3 Na4 24. Ne2 Ng7 25. f4 gxf4 26. gxf4 1-0

[Event "IV Open Estate Vomero"]
[Site "Napoli ITA"]
[Date "2010.05.20"]
[Round "3"]
[White "Lerro, Luca"]
[Black "Angelotti, Mario"]
[Result "1-0"]
[WhiteElo "1461"]
[BlackElo "1527"]
[PlyCount "109"]
[EventDate "2010.05.06"]

1. e4 d6 2. d4 Nf6 3. Nc3 g6 4. Nf3 c6 5. Bd3 Bg7 6. h3 b5 7. d5 b4 8. Ne2 cxd5
9. exd5 O-O 10. c3 a5 11. O-O Nbd7 12. c4 Nc5 13. Ned4 Bd7 14. Re1 Re8 15. Bf4
Nh5 16. Be3 Rc8 17. b3 a4 18. Bc2 a3 19. g4 Nf6 20. Qd2 e5 21. dxe6 Nxe6 22.
Qxb4 Nxd4 23. Bxd4 Bc6 24. Qc3 Rxe1+ 25. Rxe1 Bxf3 26. Qxf3 Ne8 27. Bxg7 Kxg7
28. Qc3+ Kg8 29. b4 Ng7 30. Bd3 Ra8 31. b5 Ne6 32. Be4 Ra7 33. Qe3 Nc5 34. Rd1
Re7 35. Qxc5 Rxe4 36. Qxd6 Qxd6 37. Rxd6 Rxc4 38. Rd3 Rb4 39. Rxa3 Rxb5 40. Rb3
Ra5 41. a3 Kg7 42. Kg2 Kf6 43. Re3 Ra4 44. Kg3 g5 45. f3 Rf4 46. Re4 Rxe4 47.
fxe4 Ke5 48. Kf3 Kd4 49. a4 Kc5 50. e5 Kb4 51. Ke4 Kxa4 52. Kf5 h6 53. e6 fxe6+
54. Kxe6 Kb5 55. Kf6 1-0

[Event "IV Open Estate Vomero"]
[Site "Napoli ITA"]
[Date "2010.05.20"]
[Round "3"]
[White "Pinto, Gaetano"]
[Black "Cosenza, Gianni"]
[Result "1/2-1/2"]
[WhiteElo "2048"]
[BlackElo "1899"]
[PlyCount "40"]
[EventDate "2010.05.06"]

1. d4 d5 2. c4 c6 3. cxd5 cxd5 4. Nc3 Nf6 5. Bf4 Nc6 6. e3 a6 7. Bd3 Bg4 8.
Nge2 e6 9. Qb3 Ra7 10. f3 Bh5 11. O-O Be7 12. Na4 Nd7 13. Rac1 Bg6 14. Bxg6
hxg6 15. e4 dxe4 16. fxe4 Nf6 17. Nac3 Nxd4 18. Qa4+ Nc6 19. Rfd1 Qb6+ 20. Kh1
O-O 1/2-1/2

[Event "IV Open Estate Vomero"]
[Site "Napoli ITA"]
[Date "2010.05.20"]
[Round "3"]
[White "Sparice, Lorenzo"]
[Black "Borrelli, Salvatore"]
[Result "0-1"]
[WhiteElo "1419"]
[BlackElo "1957"]
[PlyCount "104"]
[EventDate "2010.05.06"]

1. d4 Nf6 2. Nf3 g6 3. c4 Bg7 4. Nc3 O-O 5. Bg5 d6 6. b4 Be6 7. e3 c6 8. Rb1
Bf5 9. Rb3 b6 10. Nh4 Bd7 11. Bxf6 Bxf6 12. Nf3 Qc8 13. Bd3 Na6 14. Ne4 c5 15.
Nxf6+ exf6 16. b5 Nc7 17. d5 a6 18. a4 axb5 19. axb5 Bg4 20. O-O f5 21. Re1 Ne8
22. h3 Bxf3 23. gxf3 Nf6 24. Bf1 Re8 25. Bg2 Nd7 26. f4 Nf6 27. Qb1 Ne4 28. Re2
Ra4 29. Qc2 Qa8 30. Kh2 Ra7 31. Bxe4 fxe4 32. Rb1 Ra3 33. Ree1 Qa5 34. Qe2 Ra2
35. Qf1 Qd2 36. Kg3 Qd3 37. Ra1 Rea8 38. Rxa2 Rxa2 39. Ra1 Qxf1 40. Rxf1 Kg7
41. Rc1 h6 42. Rc3 Kf6 43. Rc1 g5 44. f3 Kf5 45. Re1 gxf4+ 46. exf4 exf3 47.
Rf1 f2 48. Rxf2 Rxf2 49. Kxf2 Kxf4 50. Ke2 h5 51. h4 Ke4 52. Kd2 Kd4 0-1

[Event "IV Open Estate Vomero"]
[Site "Napoli ITA"]
[Date "2010.06.03"]
[Round "4"]
[White "Accardo, Francesco"]
[Black "Lerro, Luca"]
[Result "1-0"]
[WhiteElo "1891"]
[BlackElo "1461"]
[PlyCount "73"]
[EventDate "2010.05.06"]

1. g4 d5 2. Bg2 c6 3. h3 e5 4. d4 Nd7 5. a3 Bd6 6. Nf3 e4 7. Nfd2 h5 8. gxh5
Rxh5 9. Nf1 Ndf6 10. c4 b6 11. Qb3 Ne7 12. Ng3 Bxg3 13. fxg3 Ng6 14. Bd2 Ba6
15. Qa4 Qc8 16. g4 Rh8 17. cxd5 Bb5 18. Qb3 Qa6 19. dxc6 Bxc6 20. Nc3 Rf8 21.
Bg5 O-O-O 22. Bxf6 gxf6 23. d5 Nf4 24. Bxe4 Bxd5 25. Qc2 Bc4 26. Qc1 Ne6 27. b3
Bxb3 28. Nb5+ Kb8 29. Qc6 Bd5 30. Bxd5 Rxd5 31. Qxd5 Rd8 32. Qb3 Qb7 33. O-O a6
34. Qg3+ Ka8 35. Nd6 Nd4 36. Nxb7 Nxe2+ 37. Kf2 1-0

[Event "IV Open Estate Vomero"]
[Site "Napoli ITA"]
[Date "2010.06.03"]
[Round "4"]
[White "Borrelli, Salvatore"]
[Black "De Rosa, Francesco"]
[Result "1-0"]
[WhiteElo "1957"]
[BlackElo "1988"]
[PlyCount "58"]
[EventDate "2010.05.06"]

1. d4 d5 2. Bf4 Nf6 3. e3 Bf5 4. Nf3 Nbd7 5. c4 e6 6. Nc3 Bb4 7. Qb3 Bxc3+ 8.
bxc3 dxc4 9. Bxc4 Nb6 10. Be2 Ne4 11. c4 O-O 12. O-O c5 13. Rfd1 Qe7 14. a4
Rad8 15. a5 Nc8 16. d5 Ncd6 17. a6 g5 18. Bxd6 Rxd6 19. Qxb7 Qxb7 20. axb7 Nc3
21. Rd2 Nxe2+ 22. Rxe2 Bd3 23. Rb2 Rb8 24. Ne5 Bxc4 25. Nxc4 Rxd5 26. g3 Kg7
27. Rxa7 Rd7 28. Na5 Rd6 29. Ra8 Rdd8 1-0

[Event "IV Open Estate Vomero"]
[Site "Napoli ITA"]
[Date "2010.06.03"]
[Round "4"]
[White "Caiazzo, Diego"]
[Black "Della Corte, Alessandro"]
[Result "0-1"]
[WhiteElo "1880"]
[BlackElo "2246"]
[PlyCount "118"]
[EventDate "2010.05.06"]

1. b3 g6 2. Bb2 Nf6 3. Nf3 Bg7 4. e3 d6 5. d4 O-O 6. Be2 Nbd7 7. O-O c6 8. c4
Qc7 9. Nbd2 e5 10. Qc2 Re8 11. dxe5 dxe5 12. e4 Bf8 13. Rfd1 Bc5 14. Ne1 h5 15.
Nd3 Bd4 16. b4 b6 17. Bxd4 exd4 18. f3 c5 19. a3 h4 20. Nb3 Bb7 21. b5 Kg7 22.
Qd2 Nh5 23. Bf1 Ne5 24. Nxe5 Qxe5 25. Qf2 Rh8 26. Nc1 Nf4 27. Nd3 Nxd3 28. Bxd3
g5 29. Rf1 Qf4 30. Rfe1 Rae8 31. Re2 Rh6 32. Qe1 Qe5 33. Qd2 Rf6 34. Ree1 Ree6
35. Qc1 Rf4 36. Qd1 Ref6 37. Qe2 Rh6 38. Qd1 Bc8 39. h3 Rff6 40. Qd2 Rh8 41.
Kh1 Re8 42. Qf2 Rf4 43. Qg1 Qf6 44. Qh2 Re5 45. Qg1 Qe7 46. Qf2 f5 47. Qd2 Kh6
48. exf5 Re3 49. Rxe3 dxe3 50. Qe2 Bxf5 51. Bxf5 Rxf5 52. Rd1 Re5 53. Rd3 Qe6
54. Rd1 Qf5 55. Rd6+ Re6 56. Rd3 Qxd3 57. Qxd3 e2 58. Qd8 e1=Q+ 59. Kh2 Qg3+
0-1

[Event "IV Open Estate Vomero"]
[Site "Napoli ITA"]
[Date "2010.06.03"]
[Round "4"]
[White "Colli, Roberto"]
[Black "Esposito, Pino"]
[Result "1/2-1/2"]
[WhiteElo "1497"]
[BlackElo "1875"]
[PlyCount "56"]
[EventDate "2010.05.06"]

1. d4 d5 2. c4 e6 3. Nf3 Nf6 4. g3 c6 5. Bg2 dxc4 6. Ne5 Nbd7 7. Nxc4 Be7 8.
O-O O-O 9. Nc3 Nb6 10. b3 Nbd5 11. Bb2 Bb4 12. Qd3 Qe7 13. e4 Nxc3 14. Bxc3 Rd8
15. Bxb4 Qxb4 16. a3 Qb5 17. Rfd1 b6 18. Ne5 Qxd3 19. Rxd3 Bb7 20. Rc1 Rac8 21.
f3 Nd7 22. Nxd7 Rxd7 23. Kf2 Rcd8 24. Ke3 e5 25. Rcd1 exd4+ 26. Rxd4 Rxd4 27.
Rxd4 Rxd4 28. Kxd4 Kf8 1/2-1/2

[Event "IV Open Estate Vomero"]
[Site "Napoli ITA"]
[Date "2010.06.03"]
[Round "4"]
[White "Cosenza, Gianni"]
[Black "Esposito, Rosario"]
[Result "1-0"]
[WhiteElo "1899"]
[BlackElo "1830"]
[PlyCount "51"]
[EventDate "2010.05.06"]

1. e4 c5 2. Nf3 e6 3. d4 cxd4 4. Nxd4 Nc6 5. Be3 a6 6. Be2 Qc7 7. O-O Nf6 8.
Nc3 Bb4 9. Nxc6 bxc6 10. Bd3 O-O 11. f4 d6 12. Na4 Rb8 13. c3 Bc5 14. Nxc5 Qb6
15. b4 Rd8 16. Qe2 dxc5 17. Bxc5 Qc7 18. e5 Nd7 19. Bd6 Qa7+ 20. Kh1 Ra8 21.
Qh5 f5 22. Be7 Bb7 23. Bxd8 Rxd8 24. Bc4 Nf8 25. Qxf5 Bc8 26. Qg4 1-0

[Event "IV Open Estate Vomero"]
[Site "Napoli ITA"]
[Date "2010.06.03"]
[Round "4"]
[White "De Meo, Guido"]
[Black "Capozzoli, Silvio"]
[Result "1-0"]
[WhiteElo "1849"]
[BlackElo "1939"]
[PlyCount "95"]
[EventDate "2010.05.06"]

1. d4 Nf6 2. c4 d6 3. g3 g6 4. Bg2 Bg7 5. Nf3 O-O 6. O-O c6 7. Nbd2 Nbd7 8. b4
e5 9. Bb2 Re8 10. dxe5 dxe5 11. Qb3 e4 12. Ng5 Nc5 13. Qc2 e3 14. fxe3 Qe7 15.
Bd4 Ne6 16. Nxe6 Bxe6 17. Qc3 Nh5 18. Bxg7 Nxg7 19. Ne4 Nh5 20. Rad1 Rad8 21.
Rd3 Rxd3 22. exd3 Bf5 23. Bf3 Bxe4 24. Bxh5 Qg5 25. dxe4 Qxh5 26. Qf6 g5 27.
Qf5 Qg6 28. e5 h6 29. e4 Qg7 30. Qd7 Rxe5 31. Qxb7 Rxe4 32. Qxa7 Rxc4 33. a3 c5
34. Qb8+ Kh7 35. Qd6 Rc3 36. Qd5 Kg8 37. bxc5 Rxa3 38. c6 Rc3 39. Qd7 Qf8 40.
Kh1 f5 41. Rxf5 Rc1+ 42. Kg2 Rc2+ 43. Kh3 g4+ 44. Kxg4 Qb4+ 45. Rf4 Qc3 46.
Qf7+ Kh8 47. Qf8+ Kh7 48. Rf7+ 1-0

[Event "IV Open Estate Vomero"]
[Site "Napoli ITA"]
[Date "2010.06.03"]
[Round "4"]
[White "Di Meo, Antonio"]
[Black "Gallo, Thomas Renato"]
[Result "1-0"]
[WhiteElo "1959"]
[BlackElo "1875"]
[PlyCount "135"]
[EventDate "2010.05.06"]

1. d4 d5 2. c4 e6 3. Nc3 c6 4. Nf3 Nf6 5. Bg5 Bd6 6. e3 Nbd7 7. Bd3 dxc4 8.
Bxc4 b5 9. Bd3 Bb7 10. Rc1 Rc8 11. O-O O-O 12. a3 a5 13. Ne4 Be7 14. Nc5 Ba8
15. Qd2 h6 16. Bf4 Nxc5 17. dxc5 Nd5 18. Be5 Nf6 19. Rfd1 a4 20. Qb4 Qe8 21.
Bb1 Rd8 22. Bd6 Bxd6 23. cxd6 Nd7 24. Qe4 f5 25. Qb4 Qg6 26. Qh4 c5 27. Qg3
Qxg3 28. hxg3 Bd5 29. Re1 Rc8 30. e4 fxe4 31. Bxe4 Bxe4 32. Rxe4 Rfe8 33. Ne5
Nxe5 34. Rxe5 Rc6 35. d7 Rd8 36. Rcxc5 Rxc5 37. Rxc5 Rxd7 38. Rxb5 Kf7 39. Kf1
Kf6 40. Ke2 g5 41. Rb4 Ra7 42. Kd3 e5 43. Rb6+ Kg7 44. Re6 Ra5 45. Kc4 h5 46.
Kb4 Rd5 47. Kxa4 Kf7 48. Rh6 Rd4+ 49. Kb3 h4 50. gxh4 gxh4 51. Rc6 Rg4 52. Rh6
Rxg2 53. Rxh4 Rxf2 54. a4 Rf3+ 55. Kc2 Rf2+ 56. Kc3 Rf3+ 57. Kc4 Ke6 58. a5 Kf5
59. a6 Rf1 60. b4 Rc1+ 61. Kb5 e4 62. a7 Ra1 63. Kb6 e3 64. Rh2 Ke5 65. Kb7 Rb1
66. a8=Q Rxb4+ 67. Kc6 Rc4+ 68. Kd7 1-0

[Event "IV Open Estate Vomero"]
[Site "Napoli ITA"]
[Date "2010.06.03"]
[Round "4"]
[White "Rosato, Luciano"]
[Black "Pinto, Gaetano"]
[Result "1-0"]
[WhiteElo "2255"]
[BlackElo "2048"]
[PlyCount "49"]
[EventDate "2010.05.06"]

1. d4 d5 2. Nf3 Nf6 3. e3 e6 4. c4 c6 5. Bd3 Nbd7 6. b3 Bd6 7. Bb2 b6 8. Nbd2
Bb7 9. cxd5 cxd5 10. Ne5 Rc8 11. O-O O-O 12. f4 Ne4 13. Rc1 Qe7 14. Qe2 Nxd2
15. Qxd2 f5 16. Qe2 Nb8 17. g4 Rxc1 18. Rxc1 Rc8 19. gxf5 Rxc1+ 20. Bxc1 Qc7
21. Bb2 exf5 22. Bxf5 Bc8 23. Bd3 Qe7 24. Bc2 Bh3 25. Bxh7+ 1-0

[Event "IV Open Estate Vomero"]
[Site "Napoli ITA"]
[Date "2010.06.03"]
[Round "4"]
[White "Solombrino, Giovanni"]
[Black "Di Gennaro, Antonio"]
[Result "1/2-1/2"]
[WhiteElo "1875"]
[BlackElo "1671"]
[PlyCount "51"]
[EventDate "2010.05.06"]

1. e4 c5 2. Nf3 d6 3. d4 cxd4 4. Nxd4 Nf6 5. Nc3 a6 6. Bg5 e6 7. f4 Qb6 8. Nb3
Nbd7 9. Qf3 Be7 10. O-O-O Qc7 11. Bd3 Rb8 12. Rhe1 b5 13. a3 b4 14. axb4 Rxb4
15. Bxf6 Bxf6 16. e5 dxe5 17. f5 Bb7 18. Be4 Bxe4 19. Nxe4 O-O 20. fxe6 fxe6
21. Qg4 Rb6 22. Rd2 Be7 23. Red1 Rd8 24. Nd6 Nf8 25. Nc4 Rxd2 26. Ncxd2 1/2-1/2

[Event "IV Open Estate Vomero"]
[Site "Napoli ITA"]
[Date "2010.06.10"]
[Round "5"]
[White "Angelotti, Mario"]
[Black "Accardo, Francesco"]
[Result "1-0"]
[WhiteElo "1527"]
[BlackElo "1891"]
[PlyCount "79"]
[EventDate "2010.05.06"]

1. e4 a6 2. d4 b5 3. b3 Bb7 4. Nd2 h5 5. Bb2 Nf6 6. e5 Nd5 7. Nh3 c5 8. c4 Nb4
9. f3 cxd4 10. Bxd4 N4c6 11. Bc3 b4 12. Bb2 Qc7 13. f4 a5 14. Nf3 Na6 15. Nd4
e6 16. Nb5 Qb6 17. Ng5 Qe3+ 18. Qe2 Qxf4 19. Ne4 O-O-O 20. Ned6+ Kb8 21. g3 Qh6
22. Nxf7 Qh7 23. Nxh8 Qxh8 24. Bg2 g5 25. Qe3 Bc5 26. Qxg5 Rg8 27. Qf6 Qh7 28.
Rf1 Qc2 29. Rf2 Bxf2+ 30. Qxf2 Qg6 31. Bxc6 Bxc6 32. Qa7+ Kc8 33. Qxa6+ Kd8 34.
Qb6+ Ke7 35. Qc5+ Kf7 36. Qf2+ Ke8 37. Nd6+ Ke7 38. O-O-O Rf8 39. Qc5 Qh6+ 40.
Kb1 1-0

[Event "IV Open Estate Vomero"]
[Site "Napoli ITA"]
[Date "2010.06.10"]
[Round "5"]
[White "Borrelli, Salvatore"]
[Black "Cosenza, Gianni"]
[Result "0-1"]
[WhiteElo "1957"]
[BlackElo "1899"]
[PlyCount "76"]
[EventDate "2010.05.06"]

1. d4 d5 2. Bf4 c6 3. e3 Qb6 4. b3 Bf5 5. Nf3 h6 6. a3 e6 7. c4 Nf6 8. c5 Qd8
9. Nc3 Nbd7 10. Bd3 Bxd3 11. Qxd3 Be7 12. O-O O-O 13. b4 Nh5 14. Be5 Nxe5 15.
Nxe5 Qc7 16. b5 Bxc5 17. Nxf7 Rxf7 18. dxc5 cxb5 19. Nxb5 Qxc5 20. Rac1 Qb6 21.
Rc3 Raf8 22. Qe2 Nf6 23. Nd4 a6 24. Rb3 Qd6 25. f4 Ne4 26. Nf3 Rc8 27. Ne5 Rfc7
28. Qb2 b5 29. a4 Rc2 30. Qd4 Nd2 31. Ng4 Nxb3 32. Nxh6+ gxh6 33. Qf6 R8c7 34.
Qg6+ Kf8 35. f5 Rxg2+ 36. Kxg2 Rg7 37. fxe6+ Kg8 38. Rf6 Qe5 0-1

[Event "IV Open Estate Vomero"]
[Site "Napoli ITA"]
[Date "2010.06.10"]
[Round "5"]
[White "De Rosa, Francesco"]
[Black "Di Meo, Antonio"]
[Result "1-0"]
[WhiteElo "1988"]
[BlackElo "1959"]
[PlyCount "109"]
[EventDate "2010.05.06"]

1. e4 c6 2. d4 d5 3. Nc3 dxe4 4. Nxe4 Bf5 5. Ng3 Bg6 6. h4 h6 7. Nf3 Nd7 8. h5
Bh7 9. Bd3 Bxd3 10. Qxd3 Qc7 11. Bd2 e6 12. O-O-O O-O-O 13. Kb1 Ngf6 14. Ne4 c5
15. Nxf6 Nxf6 16. Qe2 cxd4 17. Ne5 Nd5 18. Rh3 Bd6 19. f4 Kb8 20. c4 Nb4 21.
Bxb4 Bxb4 22. Rb3 Bc5 23. Qe4 Ka8 24. Nd3 Be7 25. g4 Rc8 26. c5 Rhd8 27. Rc1
Qc6 28. Qe2 Qa6 29. Qd1 Qa5 30. Qf3 Rc7 31. c6 Qd5 32. Qxd5 exd5 33. Ne5 f6 34.
cxb7+ Rxb7 35. Rxb7 Kxb7 36. Nc6 Rd7 37. Nxd4 Bd6 38. Ne6 Re7 39. Re1 Kb6 40.
f5 Be5 41. Kc2 Rd7 42. Re3 Kc6 43. Rb3 d4 44. Kd3 Kd5 45. Rb4 Kc6 46. Rc4+ Kd5
47. Nxd4 Kd6 48. Ke4 Ke7 49. Nc6+ Kd6 50. Nxe5 fxe5 51. Rc3 Rb7 52. Rb3 Rxb3
53. axb3 a5 54. b4 axb4 55. b3 1-0

[Event "IV Open Estate Vomero"]
[Site "Napoli ITA"]
[Date "2010.06.10"]
[Round "5"]
[White "Della Corte, Alessandro"]
[Black "Rosato, Luciano"]
[Result "1/2-1/2"]
[WhiteElo "2246"]
[BlackElo "2255"]
[PlyCount "49"]
[EventDate "2010.05.06"]

1. Nf3 d6 2. e4 g6 3. d4 Bg7 4. Nc3 a6 5. Be2 Nc6 6. O-O Nf6 7. Re1 O-O 8. h3
b5 9. Bf1 e5 10. dxe5 Nxe5 11. Nxe5 dxe5 12. Bg5 c6 13. Qxd8 Rxd8 14. Rad1 Be6
15. f3 h6 16. Bh4 g5 17. Bf2 Bf8 18. a3 Rxd1 19. Rxd1 Nd7 20. Be3 Rb8 21. Kf2
f6 22. Be2 Nb6 23. b3 Nd7 24. a4 Bb4 25. Na2 1/2-1/2

[Event "IV Open Estate Vomero"]
[Site "Napoli ITA"]
[Date "2010.06.10"]
[Round "5"]
[White "Di Gennaro, Antonio"]
[Black "Gallo, Thomas Renato"]
[Result "0-1"]
[WhiteElo "1671"]
[BlackElo "1875"]
[PlyCount "102"]
[EventDate "2010.05.06"]

1. e4 e5 2. Nf3 Nc6 3. Bb5 Nf6 4. O-O Nxe4 5. d4 Nd6 6. Bxc6 bxc6 7. dxe5 Nf5
8. Re1 Bb7 9. Bg5 Ne7 10. Nc3 h6 11. Bf4 g5 12. Bc1 d5 13. exd6 Qxd6 14. Ne4
Qxd1 15. Nf6+ Kd8 16. Rxd1+ Kc8 17. Nd7 Bg7 18. Nc5 Nd5 19. c3 Re8 20. Kf1 Bf8
21. Nxb7 Kxb7 22. Bd2 Rad8 23. Re1 Bd6 24. g3 c5 25. a3 Nb6 26. Rxe8 Rxe8 27.
b3 Kc6 28. c4 Nd7 29. Re1 Rb8 30. Rb1 Nb6 31. Re1 Nd7 32. b4 cxb4 33. Nd4+ Kc5
34. Nb5 a5 35. Nxd6 cxd6 36. axb4+ axb4 37. Rc1 b3 38. Be3+ Kb4 39. Bd2+ Ka3
40. Rc3 Ka2 41. Bc1 Nc5 42. Rf3 Rb7 43. Re3 b2 44. Bxb2 Kxb2 45. Ke2 Kc2 46. h3
Rc7 47. Kf3 Ne6 48. Re4 Kc3 49. h4 Rxc4 50. Re3+ Kb4 51. Rd3 Rc3 0-1

[Event "IV Open Estate Vomero"]
[Site "Napoli ITA"]
[Date "2010.06.10"]
[Round "5"]
[White "Esposito, Pino"]
[Black "Esposito, Rosario"]
[Result "1-0"]
[WhiteElo "1875"]
[BlackElo "1830"]
[PlyCount "75"]
[EventDate "2010.05.06"]

1. e4 c5 2. g3 Nc6 3. Bg2 g6 4. Ne2 Bg7 5. d3 d6 6. Nbc3 Bd7 7. O-O Rb8 8. a4
Nf6 9. Kh1 O-O 10. f4 e6 11. Bd2 a6 12. Qc1 b5 13. axb5 axb5 14. Nd1 Qc7 15.
Ne3 Ra8 16. Rxa8 Rxa8 17. g4 Ra7 18. c3 Na5 19. Qc2 c4 20. d4 Nb3 21. e5 Nxd2
22. Qxd2 Ne8 23. Ng3 Bc6 24. Ne4 Bxe4 25. Bxe4 d5 26. Bb1 Qb8 27. f5 Rb7 28.
Nc2 Nc7 29. Nb4 Rb6 30. fxg6 fxg6 31. Qg5 Qe8 32. h4 Na6 33. h5 Nxb4 34. cxb4
gxh5 35. gxh5 h6 36. Qg4 Rb7 37. Bg6 Qe7 38. Rf7 1-0

[Event "IV Open Estate Vomero"]
[Site "Napoli ITA"]
[Date "2010.06.10"]
[Round "5"]
[White "Lerro, Luca"]
[Black "Solombrino, Giovanni"]
[Result "1/2-1/2"]
[WhiteElo "1461"]
[BlackElo "1875"]
[PlyCount "90"]
[EventDate "2010.05.06"]

1. e4 c5 2. Nf3 Nc6 3. d4 cxd4 4. Nxd4 g6 5. Nc3 Bg7 6. Be3 Nf6 7. Bc4 O-O 8.
f3 Qb6 9. Bb3 Nxe4 10. Nce2 Qa5+ 11. c3 Nf6 12. Qd2 Nxd4 13. Nxd4 e5 14. Nc2 e4
15. O-O-O exf3 16. gxf3 Re8 17. Bh6 d5 18. Bxg7 Kxg7 19. Qd4 Be6 20. Ne3 Rad8
21. f4 Qb6 22. Qxb6 axb6 23. Rd4 Bd7 24. Nxd5 Nxd5 25. Bxd5 Bc6 26. c4 b5 27.
Rhd1 Re2 28. cxb5 Bxd5 29. Rxd5 Rc8+ 30. Kb1 Rcc2 31. a4 Rxb2+ 32. Ka1 Rxh2 33.
a5 Ra2+ 34. Kb1 Rxa5 35. b6 h5 36. Rxa5 Rh3 37. Kc2 Rh2+ 38. Rd2 Rh4 39. Rf2
Rg4 40. Ra7 h4 41. Rxb7 h3 42. Kd3 Rg2 43. Rf3 h2 44. Rh3 Rg3+ 45. Rxg3 h1=Q
1/2-1/2

[Event "IV Open Estate Vomero"]
[Site "Napoli ITA"]
[Date "2010.06.10"]
[Round "5"]
[White "Pinto, Gaetano"]
[Black "De Meo, Guido"]
[Result "1-0"]
[WhiteElo "2048"]
[BlackElo "1849"]
[PlyCount "111"]
[EventDate "2010.05.06"]

1. e4 c5 2. c3 Nf6 3. d3 Nc6 4. Nf3 g6 5. g3 Bg7 6. Bg2 d5 7. Nbd2 O-O 8. O-O
Bg4 9. h3 Bxf3 10. Qxf3 Ne5 11. Qe2 d4 12. c4 Rb8 13. f4 Nc6 14. e5 Ne8 15. Ne4
Qb6 16. Bd2 Nc7 17. Rab1 f5 18. Ng5 h6 19. Nf3 e6 20. Ne1 Qa6 21. a3 b5 22.
cxb5 Rxb5 23. Nc2 Rb3 24. Na1 Rb6 25. Rfc1 Rb5 26. a4 Rb6 27. Rxc5 Qxa4 28. Qd1
Qa6 29. Qc2 Nd5 30. Bxd5 exd5 31. Rxd5 Rfb8 32. Rc5 Bf8 33. Rc4 Qb7 34. b3 Qd7
35. Rc1 Nb4 36. Bxb4 Bxb4 37. Rc7 Qe6 38. Qc4 Bc3 39. Qxe6+ Rxe6 40. Rxa7 g5
41. Kf2 Reb6 42. Ke2 R8b7 43. Rxb7 Rxb7 44. Kd1 Kf7 45. Rb1 Ke6 46. Nc2 gxf4
47. gxf4 Rg7 48. Ne1 Rg1 49. Ke2 Rg7 50. b4 Ra7 51. b5 Rb7 52. Nf3 Rb6 53. Kf2
Kd5 54. Kg3 Ba5 55. Kf2 Rg6 56. Nh4 1-0